000 01301nam2a2200265 4500
001 rc\2898813
005 20260315053558.0
035 _a(NLR Aleph) 007050282
090 _a13590553
_c13590553
100 _a20110729d1927 u y0rusy50 ca
101 0 _arus
102 _aRU
105 _aa z |||||
200 0 _aЧ. 1
_fН. Филитис
210 _d1927
215 _a59 с.
_cчерт.
_d21×14 см
300 _aНа обл. загл.: "Игры. Часть 1"
461 0 _1001rc\2898812
_12000#$aПодвижные игры$e(Для возраста 8-12 лет)$eС табл. их характеристики по влиянию на растущий организм. Ч. 1-2$fН. Филитис$vЧ. 1
_1700#1$aФилитис$bН.С.$gНиколай Степанович
_96183846
_aФилитис, Н.С.
_cМосква
_d1927
_e2-е изд., испр. и доп.
_fН. Филитис
_nЦКЖД "Гудок"
_o(Для возраста 8-12 лет) : С табл. их характеристики по влиянию на растущий организм. Ч. 1-2
_tПодвижные игры
_vЧ. 1
512 0 0 _aИгры
_eЧасть 1
700 1 _aФилитис
_bН.
801 0 _aRU
_bNLR
_gpsbo
801 1 _aRU
_bELAR
_2rusmarc
852 _aNLR
_j40/3996
942 _cUNSPEC
980 _aNB